| 000 | 00724nam a2200253Ia 4500 | ||
|---|---|---|---|
| 003 | OSt | ||
| 005 | 20221005081520.0 | ||
| 006 | a|||||r|||| 00| 0 | ||
| 007 | ta | ||
| 008 | 221004b |||||||| |||| 00| 0 eng d | ||
| 020 | _a81749882X | ||
| 024 | _a75786 | ||
| 037 | _cTextual | ||
| 040 |
_aCRL _cCRL _beng |
||
| 041 |
_2eng _aeng |
||
| 082 | _aV277MEG, P3 | ||
| 100 |
_aMomin Mignonette Ed. _9611145 |
||
| 245 | 0 |
_aReading in History and culture of the garos _b Essays in honour of Milton S. Sangma |
|
| 260 |
_aNew Delhi _bRegency Publications India _c2003 |
||
| 300 |
_a224p. _ccm. |
||
| 650 | _aHISTORY | ||
| 942 |
_hV277MEG, P3 _cTEXL _2cc |
||
| 999 |
_c987808 _d987808 |
||